Những người con gái của Mác
সংরক্ষণ করুন:
| প্রধান লেখক: | |
|---|---|
| বিন্যাস: | গ্রন্থ |
| প্রকাশিত: |
H.
Phụ nữ
1976
|
| বিষয়গুলি: | |
| ট্যাগগুলো: |
ট্যাগ যুক্ত করুন
কোনো ট্যাগ নেই, প্রথমজন হিসাবে ট্যাগ করুন!
|
| Thư viện lưu trữ: | Trung tâm Học liệu Lê Vũ Hùng, Trường Đại học Đồng Tháp |
|---|
| LEADER | 00705pam a22002058a 4500 | ||
|---|---|---|---|
| 001 | 00000481 | ||
| 005 | 20171026081022.0 | ||
| 008 | 110321s1976 ||||||Viesd | ||
| 041 | 0 | # | |a Vie |
| 082 | 1 | 4 | |a 921 |b NH556NG |
| 100 | 0 | # | |a Ô.B.Vô.Rô.Bi_Ê_Va |
| 245 | 0 | 0 | |a Những người con gái của Mác |c Ô.B.Vô.Rô.Bi_Ê_Va, I.N.Xi_Nen_Ni_Cô_Va |
| 260 | # | # | |a H. |b Phụ nữ |c 1976 |
| 300 | # | # | |a 208 tr. |c 19 cm. |
| 650 | # | 4 | |a C. Mác |
| 653 | # | # | |a C. Mác |a Gia đình của Mác |a Con gái Mác |a Nhật kí |
| 852 | # | # | |b Kho đọc |j KD.0000130 |
| 852 | # | # | |j KD.0000130 |
| 910 | |d 21/03/2011 | ||
| 980 | # | # | |a Trung tâm Học liệu Lê Vũ Hùng, Trường Đại học Đồng Tháp |